[Event "Syre Memorial op 33th"]
[Site "Issy les Moulineaux"]
[Date "2010.05.16"]
[Round "6"]
[White "Reymond, Rene"]
[Black "Chandesris, Ludovic"]
[Result "0-1"]
[WhiteElo "1640"]
[BlackElo "2100"]
[PlyCount "46"]
[EventDate "2010.05.13"]
[EventType "swiss"]
[EventRounds "6"]
[EventCountry "FRA"]
[SourceTitle "EXT 2011"]
[Source "ChessBase"]
[SourceDate "2010.11.26"]
[SourceVersion "1"]
[SourceVersionDate "2010.11.26"]
[SourceQuality "1"]

1. e4 c5 2. f4 Nc6 3. Nf3 e6 4. Bb5 Nge7 5. Bxc6 Nxc6 6. c3 b6 7. d3 d5 8. Qe2 Be7 9. 0-0 0-0 10. Nbd2 Ba6 11. e5 Qd7 12. a3 f6 13. exf6 Bxf6 14. h3 Rae8 15. c4 e5 16. fxe5 Nxe5 17. Nxe5 Rxe5 18. Qd1 dxc4 19. Nxc4 Rd5 20. Qc2 Rxd3 21. Kh1 Qd5 22. Ne3 Qe4 23. Rf3 Rxe3 0-1